| 000 | 00419pab a2200157 454500 | ||
|---|---|---|---|
| 008 | 180718b2002 xxu||||| |||| 00| 0 eng d | ||
| 100 | _aEtzioni-Halevy, Eva | ||
| 245 | _aLinkage deficits in transnational politics | ||
| 260 | _c2002 | ||
| 300 | _ap.203-22. | ||
| 362 | _aApr | ||
| 650 | _aGlobalization | ||
| 650 | _aTransnational corporations | ||
| 773 | _aInternational Political Science Review | ||
| 909 | _a54537 | ||
| 999 |
_c54537 _d54537 |
||